| 000 | 01413nas a2200277Ia 4500 | ||
|---|---|---|---|
| 001 | R230-R2053 | ||
| 003 | IT-CnALBA | ||
| 008 | 170116c99999999xx |||||||||||| ||und|| | ||
| 040 |
_aIT-CnALBA _cIT-CnALBA |
||
| 041 | _aITALIANO | ||
| 100 | _aBONORA DON ANTONIO | ||
| 210 | _aTEOLOGIA | ||
| 222 | _aTEOLOGIA | ||
| 245 | 0 | _aTEOLOGIA. RIVISTA DELLA FACOLTÀ TEOLOGICA DELL'ITALIA SETTENTRIONALE. N. III. ANNO XV. 1990. | |
| 250 | _a1a ed. | ||
| 260 |
_aMILANO _bGLOSSA EDIZIONI _c1990 |
||
| 300 | _a96 p. | ||
| 310 | _aTRIMESTRALE | ||
| 362 | _aFascicolo: 3 / Anno: 15 (1990) | ||
| 500 | _aSEVESO B. ANGELINI G. COLOMBO G. CHILDS S. BREVARD. ESEGESI BIBLICA. TEOLOGIA MEDIOEVALE DEI CARISMI. PASTORALE E TEOLOGIA PASTORALE. COSCIENZA NEL PENSIERO DI J. H. NEWMAN. PECCATO ORIGINALE, TESI. SOLIDARIETÀ DEGLI UOMINI IN CRISTO E IN ADAMO. TEOLOGIA DELL'ANTICO TESTAMENTO IN CONTESTO CANONICO. | ||
| 501 | _aSocietà San Paolo EM - Piazza San Paolo, 14 - 12051 ALBA (CN) (non commercial uses only) ® Copyright 2017 | ||
| 520 | _aSEVESO B. ANGELINI G. COLOMBO G. CHILDS S. BREVARD. ESEGESI BIBLICA. TEOLOGIA MEDIOEVALE DEI CARISMI. PASTORALE E TEOLOGIA PASTORALE. COSCIENZA NEL PENSIERO DI J. H. NEWMAN. PECCATO ORIGINALE, TESI. SOLIDARIETÀ DEGLI UOMINI IN CRISTO E IN ADAMO. TEOLOGIA DELL'ANTICO TESTAMENTO IN CONTESTO CANONICO. | ||
| 650 | _aDOGMATICA CRISTIANA | ||
| 942 | _cCR | ||
| 957 | _71 | ||
| 999 |
_a12031 _bNO _g1 _c320128 _d320128 |
||